Animal Wastes (Record no. 2854)

MARC details
000 -LEADER
fixed length control field 00262nam a22001217a 4500
041 ## - LANGUAGE CODE
Language code of text/sound track or separate title ENG
100 ## - MAIN ENTRY--PERSONAL NAME
Personal name Taiganides .E.P
245 ## - TITLE STATEMENT
Title Animal Wastes
260 ## - PUBLICATION, DISTRIBUTION, ETC. (IMPRINT)
Place of publication, distribution, etc Landon
Name of publisher, distributor, etc Applied Science Pub
Date of publication, distribution, etc 1977
300 ## - PHYSICAL DESCRIPTION
Extent 429
650 ## - SUBJECT ADDED ENTRY--TOPICAL TERM
Topical term or geographic name as entry element APE ( 02 )
856 ## - ELECTRONIC LOCATION AND ACCESS
Uniform Resource Identifier APE ( 02 )
Holdings
Withdrawn status Lost status Source of classification or shelving scheme Damaged status Not for loan Home library Current library Shelving location Date acquired Total Checkouts Barcode Date last seen Price effective from Koha item type
    Dewey Decimal Classification     College of Agricultural Engineering and Technology, Dapoli , Library College of Agricultural Engineering and Technology, Dapoli , Library Book Cart 13/12/2021   T00042 13/12/2021 13/12/2021 Books

Contact Us: College of Agricultural Engineering and Technology, Dapoli, Dist.- Ratnagiri
Website: https://dbskkv.org Email: caetlibrary2015@gmail.com